[Event "Doeberl Cup U1200 48th"]
[Site "Canberra"]
[Date "2010.04.02"]
[Round "2"]
[White "Kalele, Nikhil"]
[Black "Solomon, Anthony"]
[Result "0-1"]
[WhiteElo "575"]
[BlackElo "1104"]
[PlyCount "92"]
[EventDate "2010.04.02"]
[EventType "swiss"]
[EventRounds "6"]
[EventCountry "AUS"]
[SourceTitle "EXT 2012"]
[Source "ChessBase"]
[SourceDate "2011.11.24"]
[SourceVersion "1"]
[SourceVersionDate "2011.11.24"]
[SourceQuality "1"]

1. e4 e6 2. d4 d5 3. e5 c5 4. Nf3 Nc6 5. Be3 c4 6. b3 b5 7. Nc3 Qa5 8. Bd2 Bb4 9. a3 Bxc3 10. b4 Bxd2+ 11. Qxd2 Qb6 12. Qe2 Nxd4 13. Nxd4 Qxd4 14. Rd1 Qc3+ 15. Rd2 Qxa3 16. Qg4 g6 17. Be2 Qxb4 18. Qf4 Qe7 19. 0-0 h6 20. Rb1 a6 21. c3 Qg5 22. Qd4 Ne7 23. Ra1 0-0 24. Qc5 Qxd2 25. Bf3 Qxc3 26. Rd1 Nf5 27. Bg4 Qb3 28. h3 c3 29. Rc1 b4 30. Bd1 Qb2 31. Rc2 Qb1 32. Re2 Qxd1+ 33. Kh2 Qxe2 34. Qxb4 Qc4 35. Qb1 c2 36. Qc1 Rb8 37. g4 Nd4 38. Qxh6 c1Q 39. f4 Rb2+ 40. Kg3 Q4c3+ 41. Kh4 Q1e1+ 42. Kg5 Nf3+ 43. Kf6 Qh4+ 44. g5 Qxh6 45. gxh6 Qc7 46. f5 Qd8# 0-1

[Event "Doeberl Cup U1200 48th"]
[Site "Canberra"]
[Date "2010.04.02"]
[Round "3"]
[White "Skinner, Isaac"]
[Black "Kalele, Nikhil"]
[Result "0-1"]
[WhiteElo "299"]
[BlackElo "575"]
[PlyCount "32"]
[EventDate "2010.04.02"]
[EventType "swiss"]
[EventRounds "6"]
[EventCountry "AUS"]
[SourceTitle "EXT 2012"]
[Source "ChessBase"]
[SourceDate "2011.11.24"]
[SourceVersion "1"]
[SourceVersionDate "2011.11.24"]
[SourceQuality "1"]

1. d4 e6 2. e4 c5 3. c3 Nc6 4. Be3 d6 5. Bd3 Nf6 6. Nd2 b6 7. Ne2 d5 8. f3 dxe4 9. fxe4 e5 10. 0-0 exd4 11. cxd4 cxd4 12. Bxd4 Nxd4 13. Nxd4 Qxd4+ 14. Kh1 Bd6 15. Nb3 Qe5 16. Rf5 Qxh2# 0-1

[Event "Doeberl Cup U1200 47th"]
[Site "Canberra"]
[Date "2009.04.10"]
[Round "2"]
[White "Flood, Amy"]
[Black "Kalele, Nikhil"]
[Result "0-1"]
[WhiteElo "245"]
[BlackElo "453"]
[PlyCount "38"]
[EventDate "2009.04.10"]
[EventType "swiss"]
[EventRounds "6"]
[EventCountry "AUS"]
[SourceTitle "CBM 129 Extra"]
[Source "ChessBase"]
[SourceDate "2009.05.05"]
[SourceVersion "2"]
[SourceVersionDate "2009.05.20"]
[SourceQuality "1"]

1. e4 e6 2. Nf3 d5 3. Bb5+ Bd7 4. Nc3 c6 5. Bd3 Nf6 6. Ne5 Bd6 7. Nxf7 Kxf7 8. 0-0 d4 9. Ne2 Ng4 10. h3 Qh4 11. Ng3 Nh6 12. Qf3+ Ke7 13. a4 Rf8 14. Qe2 g5 15. a5 g4 16. hxg4 Nxg4 17. Re1 Bxg3 18. Qd1 Rxf2 19. Qxg4 Qh2# 0-1

[Event "Doeberl Cup U1200 47th"]
[Site "Canberra"]
[Date "2009.04.10"]
[Round "1"]
[White "Kalele, Nikhil"]
[Black "Mason, Stuart"]
[Result "0-1"]
[WhiteElo "453"]
[BlackElo "1141"]
[PlyCount "54"]
[EventDate "2009.04.10"]
[EventType "swiss"]
[EventRounds "6"]
[EventCountry "AUS"]
[SourceTitle "CBM 129 Extra"]
[Source "ChessBase"]
[SourceDate "2009.05.05"]
[SourceVersion "2"]
[SourceVersionDate "2009.05.20"]
[SourceQuality "1"]

1. e4 c5 2. d4 e6 3. f4 cxd4 4. Qxd4 Nc6 5. Qd1 Nf6 6. Nc3 Bb4 7. Bd3 d5 8. Qe2 d4 9. a3 Ba5 10. b4 Nxb4 11. e5 Nxd3+ 12. Kf1 Nxc1 13. Qb5+ Bd7 14. Qb2 Bxc3 15. Qxc1 Bxa1 16. Qxa1 Bb5+ 17. Kf2 Ne4+ 18. Kf3 Qd5 19. Kg4 h5+ 20. Kh4 Nf2 21. Nf3 Nxh1 22. Qxh1 Be2 23. Qe1 Bxf3 24. gxf3 Qxf3 25. Qg1 Qxf4+ 26. Kh3 g5 27. Qg2 Qh4# 0-1

[Event "Doeberl Cup U1200 47th"]
[Site "Canberra"]
[Date "2009.04.10"]
[Round "3"]
[White "Kalele, Nikhil"]
[Black "Mengelkamp, Brian"]
[Result "0-1"]
[WhiteElo "453"]
[BlackElo "1018"]
[PlyCount "66"]
[EventDate "2009.04.10"]
[EventType "swiss"]
[EventRounds "6"]
[EventCountry "AUS"]
[SourceTitle "CBM 129 Extra"]
[Source "ChessBase"]
[SourceDate "2009.05.05"]
[SourceVersion "2"]
[SourceVersionDate "2009.05.20"]
[SourceQuality "1"]

1. d4 e6 2. c4 Nf6 3. Nc3 Bb4 4. Bd2 0-0 5. a3 Bxc3 6. Bxc3 b6 7. Nf3 Bb7 8. Bb4 Re8 9. e3 d6 10. Bd3 c5 11. Bc3 Nbd7 12. 0-0 cxd4 13. Bxd4 e5 14. Bc3 Bxf3 15. Qxf3 e4 16. Bxe4 Nxe4 17. Qg4 Ndf6 18. Qf4 Rc8 19. f3 Nxc3 20. bxc3 d5 21. Rad1 Rxc4 22. Qxc4 Rxe3 23. Qd4 Qe7 24. Qf4 h6 25. Kf2 Re2+ 26. Kg1 Qxa3 27. Qb8+ Kh7 28. Qf4 Qa2 29. Qf5+ g6 30. Qh3 Nh5 31. Rde1 Nf4 32. Qg3 Rxg2+ 33. Qxg2 Qxg2# 0-1